000 00587 a2200193 4500
999 _c183355
_d183355
005 20211223145114.0
010 _aENG-130557
020 _a978-0-19-949245-9
_c895.00
035 _aEN-114089
037 _bDBAD/PUB
082 _a921
_b1
100 _aLuther, Narendra
245 _aHyderabad:
_bA Biography/
_cNarendra Luther
250 _a2021
260 _aNew Delhi
_bOxford University Press
_c2021
270 _a22 Workspace, 2nd Floor, 1/22 Asaf Ali Road
_bNew Delhi
_e110002
300 _aix-xiii,413p.
_c22cm (pbk)
_bIndex
942 _adpl
_cEN
_2ddc
_h921
_mLUT